000 00702nam a2200289Ia 4500
005 20260324142133.0
008 008 260324s9999 xx 000 0 eng d
020 _a9781315806594
037 _aEBOOK
040 _aCRL
040 _beng
040 _cCRL
041 _2eng
041 _aeng
084 _qCRL
100 _aRobert S. Wyer, Jr.
_91192279
245 0 _aKnowledge and Memory: the Real Story
245 0 _bAdvances in Social Cognition, Volume VIII
260 _bTaylor and Francis
260 _c1995
365 _a
365 _b210
856 _uhttp://www.taylorfrancis.com/books/9781315806594
942 _cEBOOK
999 _c1814673
_d1814673